Normal view
MARC view
Entry Personal Name
001 - CONTROL NUMBER
- control field: 1237739
003 - CONTROL NUMBER IDENTIFIER
- control field: OSt
005 - DATE AND TIME OF LATEST TRANSACTION
- control field: 20260430150522.0
008 - FIXED-LENGTH DATA ELEMENTS
- fixed length control field: 260430|| aca||aabn | a|a d
040 ## - CATALOGING SOURCE
- Original cataloging agency: OSt
- Transcribing agency: OSt
100 ## - HEADING--PERSONAL NAME
- Personal name: Sadaf Nafees Au.; Shazia Omair Gu
670 ## - SOURCE DATA FOUND
- Source citation: Work cat.: (OSt)1849978: Sadaf Nafees Au.; Shazia Omair Gu., Beeswin sadi ka zindani adab ka tanqeedi jaiza, 2022
